Durve durve lata lata - raag sohni Part 1 : (Record no. 44155)

MARC details
000 -LEADER
fixed length control field 01057njm a22002417a 4500
005 - DATE AND TIME OF LATEST TRANSACTION
control field 20100907103351.0
007 - PHYSICAL DESCRIPTION FIXED FIELD--GENERAL INFORMATION
fixed length control field sd ammalaaahaa
008 - FIXED-LENGTH DATA ELEMENTS--GENERAL INFORMATION
fixed length control field 100907t xxu||||| |||| 00| 0 hin d
028 ## - PUBLISHER NUMBER
Publisher number GE. 23178
Source His Master's Voics
035 ## - SYSTEM CONTROL NUMBER
System control number GR- 00989
040 ## - CATALOGING SOURCE
Original cataloging agency SED/VEN
100 ## - MAIN ENTRY--PERSONAL NAME
Personal name Vilayat Hussain Khan
9 (RLIN) 1184
245 ## - TITLE STATEMENT
Title Durve durve lata lata - raag sohni Part 1 :
Remainder of title hindustani classical /
Statement of responsibility, etc by Vilayat Hussain Khan
Medium [sound recording] :
246 ## - VARYING FORM OF TITLE
Title proper/short title दूर्वे दूर्वे लता लता - राग सोहनी
260 ## - PUBLICATION, DISTRIBUTION, ETC. (IMPRINT)
Place of publication, distribution, etc Dum Dum, India
Name of publisher, distributor, etc His Master's Voics
300 ## - PHYSICAL DESCRIPTION
Extent 1sound disc [Gramophone record] :
Other physical details analog, 33. 1/3 rpm
Dimensions 10 in.
Type of unit Gramophone record
500 ## - GENERAL NOTE
General note Brief record.
505 ## - FORMATTED CONTENTS NOTE
Formatted contents note Karat singaar - raag khambawati (Vilayat Hussain Khan) करत सिंगार - राग खम्बावती भाग 2
Title
650 ## - SUBJECT ADDED ENTRY--TOPICAL TERM
Topical term or geographic name as entry element Classical Music
General subdivision Excerpts
Geographic subdivision India
9 (RLIN) 18680
700 ## - ADDED ENTRY--PERSONAL NAME
9 (RLIN) 18681
942 ## - ADDED ENTRY ELEMENTS (KOHA)
Source of classification or shelving scheme Dewey Decimal Classification
Item type Gramaphone Records
Holdings
Withdrawn status Lost status Source of classification or shelving scheme Damaged status Not for loan Home library Current library Date acquired Source of acquisition Total Checkouts Barcode Date last seen Copy number Price effective from Koha item type
    Dewey Decimal Classification   Not For Loan Central Library Central Library 07/09/2010 SED/VEN   GR-00989 07/09/2010 1 07/09/2010 Gramaphone Records

© Delhi Public Library
Hit Counter
free hit counter